Catálogo
 En Linea

Tarifas de salarios mínimos nacionales aprobadas por el Comité Nacional de Salarios. (Registro nro. 28518)

Detalles MARC
000 -CABECERA
campo de control de longitud fija 01090nam a2200229Ka 4500
001 - NÚMERO DE CONTROL
campo de control 000029026
003 - IDENTIFICADOR DEL NÚMERO DE CONTROL
campo de control OCoLC
005 - FECHA Y HORA DE LA ÚLTIMA TRANSACCIÓN
campo de control 20250430121825.0
008 - DATOS DE LONGITUD FIJA--INFORMACIÓN GENERAL
campo de control de longitud fija 090609s1996 dr 000 0 spa d
040 ## - FUENTE DE LA CATALOGACIÓN
Centro catalogador/agencia de origen DO-SdBNP
Lengua de catalogación spa
Centro/agencia transcriptor BNPHU
082 ## - NÚMERO DE LA CLASIFICACIÓN DECIMAL DEWEY
Número de clasificación 331.21
Número de documento/Ítem R426t
049 ## - FONDOS LOCALES (OCLC)
Fondos de biblioteca BNPD
110 1# - ENTRADA PRINCIPAL--NOMBRE DE ENTIDAD CORPORATIVA
Nombre de entidad corporativa o nombre de jurisdicción como elemento de entrada República Dominicana.
Unidad subordinada Secretaría de Estado de Trabajo
9 (RLIN) 491
245 10 - MENCIÓN DE TÍTULO
Título Tarifas de salarios mínimos nacionales aprobadas por el Comité Nacional de Salarios.
260 ## - PUBLICACIÓN, DISTRIBUCIÓN, ETC.
Lugar de publicación, distribución, etc. Santo Domingo :
Nombre del editor, distribuidor, etc. Secretaría de Estado de Trabajo,
Fecha de publicación, distribución, etc. 1996.
300 ## - DESCRIPCIÓN FÍSICA
Extensión 58 p. ;
Dimensiones 21cm.
505 0# - NOTA DE CONTENIDO CON FORMATO
Nota de contenido con formato 1. Presentación -- Resolución no. 01-91 -- . Resolución no. 02-93 -- Resolución no. 04- 94 -- Resolución no. 01-95 Resolución no.03-95 -- Resolución no. 6-95-- Resolución no. 07-95-- Resolución no.08-95-- Resolución no. 08-95 -- Resolución no. 09-95-- Resolución no.10-95-- Resolución no. 11-95
650 #4 - PUNTO DE ACCESO ADICIONAL DE MATERIA--TÉRMINO DE MATERIA
Término de materia o nombre geográfico como elemento de entrada Costo de mano de obra
Subdivisión geográfica República Dominicana
9 (RLIN) 55943
650 #4 - PUNTO DE ACCESO ADICIONAL DE MATERIA--TÉRMINO DE MATERIA
Término de materia o nombre geográfico como elemento de entrada Salarios
Subdivisión geográfica República Dominicana
9 (RLIN) 55944
650 #4 - PUNTO DE ACCESO ADICIONAL DE MATERIA--TÉRMINO DE MATERIA
Término de materia o nombre geográfico como elemento de entrada Política salarial
9 (RLIN) 55945
650 #0 - PUNTO DE ACCESO ADICIONAL DE MATERIA--TÉRMINO DE MATERIA
Término de materia o nombre geográfico como elemento de entrada Administración de personal
9 (RLIN) 1581
Existencias
Estado de retiro Estado de pérdida No para préstamo Código de colección Localización permanente Ubicación/localización actual Ubicación en estantería Fecha de adquisición Número de inventario Total de préstamos Signatura topográfica completa Código de barras Fecha visto por última vez Precio válido a partir de Tipo de ítem Koha
    Excluido de préstamo Patrimonio Dominicano Patrimonio Dominicano Patrimonio Dominicano Depósito 13.04.2011 LF1   331.21 R426t 29026-10 25.06.2020 25.06.2020 Libro y Folleto Colección Patrimonio Dominicano

Con tecnología Koha